Statistiques concernant Films du MCU par notes Allociné

Cliquez ici pour prendre le quiz!

Statistiques générales

  • Ce quiz a été pris 41 fois
  • Le résultat moyen est 8 sur 30

Statistiques - réponses

ClassementNote - spectateursNote - presseFilm% Correct
1e4,33,4Avengers : Infinity War
97%
4e4,14,0Avengers
49%
3e4,23,2Avengers : Endgame
49%
2e4,23,8Les Gardiens de la Galaxie
49%
13e3,83,1Black Panther
31%
14e3,82,9Avenger : L'ère d'Ultron
28%
6e4,03,4Iron Man
28%
7e3,93,4Thor : Ragnarok
28%
9e3,93,2Captain America : Le Soldat de l'Hiver
26%
10e3,93,1Doctor Strange
26%
12e3,83,2Iron Man 3
26%
26e3,13,4L'Incroyable Hulk
26%
8e3,93,3Spider-Man : No Way Home
26%
22e3,43,0Thor
26%
27e2,42,6Thor : Love and Thunder
26%
15e3,73,3Ant-Man
23%
3,22,9Black Widow
23%
3,93,2Captain America : Civil War
23%
21e3,43,1Iron Man 2
23%
24e3,42,8Thor : Le Monde des Ténèbres
23%
16e3,63,4Ant-Man et la Guêpe
21%
25e3,22,9Black Panther : Wakanda Forever
21%
19e3,53,3Captain America : First Avenger
21%
3,83,2Spider-Man : Far From Home
21%
18e3,53,5Spider-Man : Homecoming
21%
5e4,13,4Les Gardiens de la Galaxie, Vol.2
18%
11e3,83,3Shang-Chi et la Légende des Dix Anneaux
18%
20e3,53,2Captain Marvel
15%
23e3,42,9Les Eternels
15%
17e3,63,2Doctor Strange in the Multiverse of Madness
13%

Distribution des résultats

Percentile par nombre de réponses

% des personnes avec chaque résultat

Votre développement - résultats

Vous n’avez pas pris ce quiz